000 01230cas a2200289 a 4500
005 20171115152102.0
008 880825u1988uuuuve fr p b 0 0spa c
022 _a1012-1692
040 _aMOA
_cMOA
_dNST
_dFUG
_dDLC
_dNST
_dDLC
_dGUA
_dOCLCQ
_dCUS
_dOCLCQ
_dHEBIS
_dOCLCQ
_dOCLCF
_dOCLCO
_dOCLCQ
_dRDF
_dOCLCO
_dCO-BoIAVH
041 0 _aspa
_aeng
044 _ave
090 _aSE
245 0 0 _aEcotrópicos :
_brevista de la Sociedad Venezolana de Ecología.
246 3 0 _aRevista de la Sociedad Venezolana de Ecología
260 _aCaracas (Venezuela) :
_bSociedad Venezolana de Ecología,
_c1988-
300 _bilustraciones y mapas ;
_c27 x 19 cm
504 _aIncluye referencias bibliográficas.
546 _aText in Spanish and English with summaries in both languauges.
590 _aSERBIB/SERLOC merged record
650 2 6 _aEcología
_zVenezuela
_vPublicaciones periódicas
650 2 6 _aEcología
_zZona tropical
_vPublicaciones periódicas
650 2 4 _aEcología tropical
_vPublicaciones periódicas
710 2 _aSociedad Venezolana de Ecología
776 1 _tEcotrópicos (Online)
_w(OCoLC)60617941
776 0 8 _iOnline version:
_tEcotrópicos
_w(OCoLC)741868656
942 _2z
_cREVISTA
_s1
999 _c16878
_d16878